| 000 | 01033nam a2200277Ia 4500 | ||
|---|---|---|---|
| 003 | OSt | ||
| 005 | 20220923211524.0 | ||
| 006 | a|||||r|||| 00| 0 | ||
| 007 | ta | ||
| 008 | 220922b |||||||| |||| 00| 0 urd d | ||
| 020 |
_a9789381029626 (hbk) _c250 |
||
| 024 | _a352,901 | ||
| 037 |
_b2411, 03/03/2020, M.R. Publications _cTextual |
||
| 040 |
_aARTS _cARTS _burd |
||
| 041 |
_2urd _aurd |
||
| 082 | _aO168,1N671:g, 152Q2 | ||
| 100 |
_aमलहान, संगीता पी. मेनन, ले. _9160681 |
||
| 245 | 0 | _aनूसरत - ए - घाम | |
| 246 | _aNūsarat - e - ghāma | ||
| 260 |
_aदिल्ली _b अरशिया पब्लिकेशनस् _c2012 |
||
| 300 |
_a78पृ0 _ccm. |
||
| 650 | _a उर्दू साहित्य | ||
| 650 | _aउर्दू कविता | ||
| 942 |
_hO168,1N671:g, 152Q2 _cTEXL _2CC |
||
| 999 |
_c300379 _d300379 |
||